[Event "Paris-ch op-B 87th"]
[Site "Paris"]
[Date "2012.07.11"]
[Round "5"]
[White "Ben Khelifa, Noomene"]
[Black "Jaulin, Marc"]
[Result "1-0"]
[WhiteElo "2081"]
[BlackElo "2046"]
[PlyCount "77"]
[EventDate "2012.07.07"]
[EventType "swiss"]
[EventRounds "9"]
[EventCountry "FRA"]
[SourceTitle "EXT 2013"]
[Source "ChessBase"]
[SourceDate "2012.11.22"]
[SourceVersion "1"]
[SourceVersionDate "2012.11.22"]
[SourceQuality "1"]

1. d4 Nf6 2. c4 c5 3. d5 e5 4. Nc3 d6 5. e4 Nbd7 6. Bd3 Be7 7. Nge2 h5 8. h3 h4 9. Be3 a6 10. Qd2 Nh7 11. Ng1 Bg5 12. Nf3 Bxe3 13. Qxe3 Ndf8 14. b4 cxb4 15. Na4 Nd7 16. 0-0 Qa5 17. Bc2 b5 18. cxb5 axb5 19. Nb2 Nhf8 20. Qg5 Ng6 21. Nd3 Nf6 22. Rfe1 Bd7 23. Qd2 Nh5 24. Qg5 Nf6 25. Qd2 Rc8 26. Bb3 Nh5 27. a3 Ngf4 28. axb4 Qd8 29. Ra6 Qf6 30. Ndxe5 Nxh3+ 31. gxh3 Bxh3 32. Qg5 Qxg5+ 33. Nxg5 dxe5 34. Nxh3 0-0 35. Rc6 Rcd8 36. Ra1 Nf6 37. Ng5 Ne8 38. Raa6 f6 39. Ne6 1-0

[Event "Val Thorens op"]
[Site "Val Thorens"]
[Date "2009.??.??"]
[Round "1"]
[White "Ban, Daniel Peter"]
[Black "Jaulin, Marc"]
[Result "0-1"]
[WhiteElo "1875"]
[BlackElo "2141"]
[PlyCount "56"]
[EventDate "2009.07.18"]
[EventType "swiss"]
[EventRounds "9"]
[EventCountry "FRA"]
[SourceTitle "CBM 131 Extra"]
[Source "ChessBase"]
[SourceDate "2009.09.03"]
[SourceVersion "2"]
[SourceVersionDate "2009.09.16"]
[SourceQuality "1"]

1. e4 c5 2. Nf3 g6 3. d4 cxd4 4. Nxd4 Nc6 5. c4 Bg7 6. Be3 Nf6 7. Nc3 d6 8. Be2 0-0 9. 0-0 Nxd4 10. Bxd4 Bd7 11. Qd2 Bc6 12. f3 a5 13. Rfd1 Nd7 14. Be3 a4 15. Rac1 Nc5 16. Bf1 Qb6 17. Rc2 Rfc8 18. Qf2 Qa5 19. Nd5 Bxd5 20. exd5 a3 21. Bd2 Qa4 22. b3 Nxb3 23. axb3 Qxb3 24. Bc1 a2 25. Rxa2 Rxa2 26. Qe1 Bc3 27. Bd2 Rxd2 28. Rxd2 Qb4 0-1

[Event "FRA-ch op-A"]
[Site "Pau"]
[Date "2008.08.19"]
[Round "7"]
[White "Jaulin, Marc"]
[Black "Carrasco, Patrick"]
[Result "0-1"]
[WhiteElo "2124"]
[BlackElo "2087"]
[PlyCount "80"]
[EventDate "2008.08.11"]
[EventType "swiss"]
[EventRounds "9"]
[EventCountry "FRA"]
[SourceTitle "CBM 126 Extra"]
[Source "ChessBase"]
[SourceDate "2008.11.05"]
[SourceVersion "1"]
[SourceVersionDate "2008.11.05"]
[SourceQuality "1"]

1. e4 e5 2. Nf3 Nc6 3. Bb5 a6 4. Ba4 Nf6 5. 0-0 b5 6. Bb3 Bb7 7. d3 Bd6 8. a3 h6 9. Nc3 0-0 10. a4 b4 11. Ne2 Na5 12. Ba2 c5 13. Ng3 Re8 14. Nh4 Bf8 15. Nhf5 d5 16. Qe2 Qb6 17. Kh1 Rad8 18. f3 b3 19. cxb3 Nxb3 20. Rb1 Bc6 21. a5 Nxa5 22. b4 cxb4 23. Be3 Qb5 24. Rfd1 Nb7 25. Qd2 Kh7 26. Nxh6 gxh6 27. Nf5 Ng8 28. Qf2 Nd6 29. g4 a5 30. Qh4 Nxf5 31. gxf5 dxe4 32. Bxf7 exf3 33. h3 f2+ 34. Kh2 e4 35. Bxg8+ Kxg8 36. Qg4+ Kh8 37. h4 Bd6+ 38. Kh3 Rg8 39. Bg5 Qe5 40. Rh1 Bd7 0-1

[Event "FRA-ch op-A"]
[Site "Pau"]
[Date "2008.08.16"]
[Round "5"]
[White "Jaulin, Marc"]
[Black "Ider, Borya"]
[Result "0-1"]
[WhiteElo "2124"]
[BlackElo "2065"]
[PlyCount "112"]
[EventDate "2008.08.11"]
[EventType "swiss"]
[EventRounds "9"]
[EventCountry "FRA"]
[SourceTitle "CBM 126 Extra"]
[Source "ChessBase"]
[SourceDate "2008.11.05"]
[SourceVersion "1"]
[SourceVersionDate "2008.11.05"]
[SourceQuality "1"]

1. e4 c6 2. d4 d5 3. Nc3 dxe4 4. Nxe4 Nf6 5. Nxf6+ exf6 6. c3 Bd6 7. Bd3 0-0 8. Ne2 Qc7 9. Qc2 h6 10. Be3 Nd7 11. 0-0-0 b5 12. Qd2 Re8 13. Ng3 Nf8 14. Nf5 Bxf5 15. Bxf5 Qa5 16. Bb1 b4 17. c4 c5 18. Rhe1 Rac8 19. d5 Qa6 20. Qd3 b3 21. a3 f5 22. Bd2 Ng6 23. Rxe8+ Rxe8 24. Re1 Rxe1+ 25. Bxe1 Bf4+ 26. Kd1 Qa4 27. Qe2 Bd6 28. g3 Ne5 29. Bd3 f4 30. Bc3 Nxd3 31. Qxd3 Qd7 32. Be1 Qg4+ 33. Kc1 Qh3 34. Qxb3 Qxh2 35. Qd3 fxg3 36. fxg3 Qg1 37. Kd1 a5 38. b3 h5 39. Ke2 Qg2+ 40. Bf2 Qh1 41. b4 axb4 42. axb4 Qg2 43. Qf3 Qxf3+ 44. Kxf3 cxb4 45. c5 Be5 46. Ke4 b3 47. Kd3 Kf8 48. c6 Ke8 49. Bc5 Bxg3 50. d6 h4 51. d7+ Kd8 52. Bb6+ Bc7 53. Bd4 h3 54. Bxg7 Ke7 55. Ke4 h2 56. Kf5 h1Q 0-1

[Event "FRA-chT2 West 0708"]
[Site "France"]
[Date "2008.04.05"]
[Round "10.5"]
[White "Le Borgne, Pierre"]
[Black "Jaulin, Marc"]
[Result "1-0"]
[WhiteElo "2207"]
[BlackElo "2145"]
[PlyCount "53"]
[EventDate "2007.10.21"]
[EventType "team"]
[EventRounds "11"]
[EventCountry "FRA"]
[SourceTitle "EXT 2009"]
[Source "ChessBase"]
[SourceDate "2008.11.26"]
[SourceVersion "1"]
[SourceVersionDate "2008.11.26"]
[SourceQuality "1"]
[WhiteTeam "Lisieux"]
[BlackTeam "Cergy Pontoise"]
[WhiteTeamCountry "FRA"]
[BlackTeamCountry "FRA"]

1. e4 c5 2. Nf3 d6 3. d4 Nf6 4. Nc3 cxd4 5. Nxd4 g6 6. Be2 Bg7 7. 0-0 0-0 8. Be3 Nc6 9. Nb3 Be6 10. f4 Na5 11. f5 Bd7 12. Qe1 Bc6 13. Qh4 Nxb3 14. axb3 e6 15. Bd3 Nd7 16. Qh3 Re8 17. Rf2 Qe7 18. fxe6 Qxe6 19. Bc4 d5 20. exd5 Qxh3 21. gxh3 Rxe3 22. dxc6 bxc6 23. Rxf7 Nb6 24. Rfxa7+ Nxc4 25. Rxa8+ Kf7 26. bxc4 Bd4 27. Kg2 1-0

[Event "FRA-chT2 West 0708"]
[Site "France"]
[Date "2008.01.19"]
[Round "5.6"]
[White "Jaulin, Marc"]
[Black "Boonekamp, Maarten"]
[Result "1-0"]
[WhiteElo "2140"]
[BlackElo "2055"]
[PlyCount "141"]
[EventDate "2007.10.21"]
[EventType "team"]
[EventRounds "11"]
[EventCountry "FRA"]
[SourceTitle "EXT 2009"]
[Source "ChessBase"]
[SourceDate "2008.11.26"]
[SourceVersion "1"]
[SourceVersionDate "2008.11.26"]
[SourceQuality "1"]
[WhiteTeam "Cergy Pontoise"]
[BlackTeam "Gif sur Yvette"]
[WhiteTeamCountry "FRA"]
[BlackTeamCountry "FRA"]

1. e4 e5 2. Nf3 Nc6 3. Bb5 Nf6 4. Qe2 Bc5 5. d3 0-0 6. Bg5 d5 7. Bxf6 Qxf6 8. Nc3 Bb4 9. 0-0 Bxc3 10. bxc3 dxe4 11. Qxe4 Bf5 12. Qe3 Rfe8 13. Rfe1 Qd6 14. Ng5 Rad8 15. Qf3 Bg6 16. Bxc6 bxc6 17. a4 f5 18. Qe3 c5 19. f3 h6 20. Nh3 c4 21. dxc4 Qb6 22. Qxb6 cxb6 23. c5 bxc5 24. Red1 f4 25. Rxd8 Rxd8 26. Re1 Bxc2 27. Rxe5 Rd1+ 28. Kf2 g5 29. Ng1 Bxa4 30. Rxc5 Rd2+ 31. Ne2 Bd1 32. Re5 Rxe2+ 33. Rxe2 Bxe2 34. Kxe2 Kf7 35. Kd3 Ke6 36. Kc4 Kd6 37. Kb5 a5 38. c4 h5 39. Kb6 a4 40. c5+ Kd5 41. c6 a3 42. c7 a2 43. c8Q a1Q 44. Qd7+ Kc4 45. Qb5+ Kd4 46. Qxg5 Ke3 47. Kc6 Qa6+ 48. Kd7 Qb7+ 49. Ke6 Qc8+ 50. Kf7 Qd7+ 51. Kg6 Qe8+ 52. Kg7 Kf2 53. Qxf4 Kxg2 54. Qg3+ Kf1 55. f4 Qe7+ 56. Kg6 h4 57. Qh3+ Kg1 58. f5 Qd6+ 59. f6 Qxh2 60. Qxh2+ Kxh2 61. f7 h3 62. f8Q Kg2 63. Qa8+ Kg1 64. Qa7+ Kg2 65. Qb7+ Kg1 66. Qb6+ Kg2 67. Qc6+ Kg1 68. Qc5+ Kg2 69. Qd5+ Kg1 70. Qd4+ Kg2 71. Qg4+ 1-0

[Event "FRA-chT2 North 0607"]
[Site "France"]
[Date "2007.03.18"]
[Round "9.4"]
[White "Jaulin, Marc"]
[Black "Courrier, Arnaud"]
[Result "0-1"]
[WhiteElo "2146"]
[BlackElo "2156"]
[PlyCount "80"]
[EventDate "2006.10.15"]
[EventType "team"]
[EventRounds "11"]
[EventCountry "FRA"]
[SourceTitle "EXT 2008"]
[Source "ChessBase"]
[SourceDate "2007.11.25"]
[SourceVersion "1"]
[SourceVersionDate "2007.11.25"]
[SourceQuality "1"]
[WhiteTeam "Cergy Pontoise"]
[BlackTeam "Evry Grand Roque III"]
[WhiteTeamCountry "FRA"]
[BlackTeamCountry "FRA"]

1. e4 e6 2. d4 d5 3. Nc3 Bb4 4. e5 Qd7 5. a3 Bxc3+ 6. bxc3 b6 7. Qg4 f5 8. Qh5+ g6 9. Qd1 Ba6 10. Bxa6 Nxa6 11. a4 Ne7 12. h4 h6 13. Ne2 c5 14. Qd3 Qc8 15. Nf4 Kf7 16. Nh3 cxd4 17. Qxd4 Nc6 18. Qe3 d4 19. Qe2 dxc3 20. 0-0 Nab4 21. Be3 Nd5 22. Nf4 Nde7 23. Rfd1 Rd8 24. Rxd8 Nxd8 25. Bd4 Qc6 26. Ra3 Rc8 27. Qd3 Nd5 28. Nxd5 Qxd5 29. Bxc3 Rc4 30. Qxd5 exd5 31. a5 b5 32. Bd2 Rxc2 33. Bxh6 Nc6 34. a6 b4 35. Rb3 Ra2 36. Be3 Rxa6 37. Bc5 Ra1+ 38. Kh2 a5 39. Rb2 Rc1 40. Bd6 Rc4 0-1

[Event "FRA-chT2B 0506"]
[Site "France"]
[Date "2006.04.02"]
[Round "11.4"]
[White "Leitner, Walter"]
[Black "Jaulin, Marc"]
[Result "1-0"]
[WhiteElo "2115"]
[BlackElo "2144"]
[PlyCount "43"]
[EventDate "2005.10.27"]
[EventType "team-tourn"]
[EventRounds "11"]
[EventCountry "FRA"]
[SourceTitle "EXT 2006"]
[Source "ChessBase"]
[SourceDate "2005.11.24"]
[SourceVersion "1"]
[SourceVersionDate "2005.11.24"]
[SourceQuality "1"]
[WhiteTeam "Gif sur Yvette"]
[BlackTeam "Pontoise"]
[WhiteTeamCountry "FRA"]
[BlackTeamCountry "FRA"]

1. e4 c5 2. Nf3 d6 3. d4 cxd4 4. Qxd4 Nc6 5. Bb5 Bd7 6. Bxc6 Bxc6 7. c4 Nf6 8. Nc3 e6 9. 0-0 Be7 10. Bg5 0-0 11. Rfd1 a6 12. Rac1 Rc8 13. h3 Qa5 14. a3 Rfd8 15. Qe3 b5 16. cxb5 axb5 17. Nd4 b4 18. axb4 Qxb4 19. Nxc6 Rxc6 20. Qa7 Rd7 21. Qa8+ Rd8 22. Qxc6 1-0

[Event "FRA-chT2B 0506"]
[Site "France"]
[Date "2006.02.05"]
[Round "7.6"]
[White "Jaulin, Marc"]
[Black "Izbicki, Jean Louis"]
[Result "1-0"]
[WhiteElo "2144"]
[BlackElo "2017"]
[PlyCount "113"]
[EventDate "2005.10.27"]
[EventType "team-tourn"]
[EventRounds "11"]
[EventCountry "FRA"]
[SourceTitle "EXT 2006"]
[Source "ChessBase"]
[SourceDate "2005.11.24"]
[SourceVersion "1"]
[SourceVersionDate "2005.11.24"]
[SourceQuality "1"]
[WhiteTeam "Pontoise"]
[BlackTeam "Orcher La Tour II"]
[WhiteTeamCountry "FRA"]
[BlackTeamCountry "FRA"]

1. e4 c5 2. Nc3 Nc6 3. Nge2 e5 4. Nd5 d6 5. Nec3 Nf6 6. Bc4 Be7 7. Nxf6+ Bxf6 8. d3 0-0 9. h4 Nd4 10. Be3 Rb8 11. Nd5 b5 12. Bb3 a5 13. c3 Nxb3 14. axb3 Ra8 15. Qh5 Bb7 16. Bg5 Bxd5 17. exd5 Re8 18. f3 h6 19. Bxf6 Qxf6 20. Qg4 b4 21. Qe4 bxc3 22. bxc3 Reb8 23. Qc4 Qf4 24. Qxf4 exf4 25. Ra3 a4 26. Kd2 axb3 27. Rxa8 Rxa8 28. c4 Ra2+ 29. Kc3 Rxg2 30. Kxb3 Rg3 31. Ra1 Kf8 32. Ra7 Ke8 33. Ra8+ Ke7 34. Ra7+ Kf6 35. Rd7 Ke5 36. Rxf7 Rxf3 37. Kc3 Rg3 38. Re7+ Kf5 39. Rf7+ Kg6 40. Rxf4 Re3 41. Rg4+ Kf6 42. h5 Re7 43. Kd2 Re5 44. Rg6+ Ke7 45. Rxg7+ Kd8 46. Rg6 Rxh5 47. Rxd6+ Ke7 48. Rc6 Rh3 49. Rxc5 h5 50. Rc6 h4 51. Rh6 Rh2+ 52. Kc3 h3 53. c5 Rh1 54. Kd4 h2 55. d6+ Kd7 56. Kd5 Rd1 57. c6+ 1-0

[Event "FRA-chT2B 0506"]
[Site "France"]
[Date "2006.01.15"]
[Round "6.8"]
[White "Guilleux, Fabien"]
[Black "Jaulin, Marc"]
[Result "0-1"]
[WhiteElo "2027"]
[BlackElo "2144"]
[PlyCount "148"]
[EventDate "2005.10.27"]
[EventType "team-tourn"]
[EventRounds "11"]
[EventCountry "FRA"]
[SourceTitle "EXT 2006"]
[Source "ChessBase"]
[SourceDate "2005.11.24"]
[SourceVersion "1"]
[SourceVersionDate "2005.11.24"]
[SourceQuality "1"]
[WhiteTeam "Creteil  II"]
[BlackTeam "Pontoise"]
[WhiteTeamCountry "FRA"]
[BlackTeamCountry "FRA"]

1. e4 c5 2. Nc3 Nc6 3. Nf3 g6 4. d4 cxd4 5. Nxd4 Bg7 6. Be3 d6 7. f3 Nf6 8. Bc4 0-0 9. Qd2 Bd7 10. 0-0-0 Ne5 11. Bb3 Qa5 12. Bh6 Rfc8 13. h4 Bxh6 14. Qxh6 Rxc3 15. bxc3 Qxc3 16. Kb1 a5 17. Qd2 Qc5 18. a4 b5 19. Nxb5 Bxb5 20. axb5 Qxb5 21. Ka1 Qc5 22. Qd4 a4 23. Bd5 Qa3+ 24. Ba2 Rc8 25. Qb2 Qe3 26. Rhf1 Qe2 27. c3 Qxb2+ 28. Kxb2 a3+ 29. Kc2 Nfd7 30. Rb1 Nc5 31. Bb3 Ra8 32. Rfd1 Kg7 33. Rd4 Ra7 34. Ra1 h5 35. Rb4 Ned3 36. Rb8 Nf4 37. g3 Ne2 38. Ba2 Rc7 39. Kd2 Nxc3 40. Bd5 e6 41. Rxa3 exd5 42. Rxc3 dxe4 43. Ke3 exf3 44. Kxf3 Rd7 45. Rc4 Ne6 46. Rcb4 Nd8 47. R8b6 Kf6 48. R4b5 Ke7 49. Ke4 Ne6 50. Rd5 Nc7 51. Rd1 Ke6 52. Rc6 Ke7 53. Rd2 Ne8 54. Re2 Nc7 55. Kd4+ Ne6+ 56. Kd5 Ra7 57. Re3 Ra5+ 58. Kc4 d5+ 59. Kb4 Ra7 60. Kb5 Rd7 61. Re1 Kf6 62. Rf1+ Ke5 63. Kb4 Rb7+ 64. Kc3 d4+ 65. Kc4 Ke4 66. Rxf7 Rxf7 67. Rxe6+ Kf5 68. Rd6 Ra7 69. Rd5+ Ke4 70. Rxd4+ Kf3 71. Rd3+ Kg4 72. Rd6 Rg7 73. Rd3 Rc7+ 74. Kb3 Rc6 0-1

[Event "FRA-chT2B 0506"]
[Site "France"]
[Date "2005.10.16"]
[Round "1.5"]
[White "Jaulin, Marc"]
[Black "Kirszenberg, Marc"]
[Result "1/2-1/2"]
[WhiteElo "2144"]
[BlackElo "2218"]
[PlyCount "36"]
[EventDate "2005.10.27"]
[EventType "team-tourn"]
[EventRounds "11"]
[EventCountry "FRA"]
[SourceTitle "EXT 2006"]
[Source "ChessBase"]
[SourceDate "2005.11.24"]
[SourceVersion "1"]
[SourceVersionDate "2005.11.24"]
[SourceQuality "1"]
[WhiteTeam "Pontoise"]
[BlackTeam "Rueil Malmaison"]
[WhiteTeamCountry "FRA"]
[BlackTeamCountry "FRA"]

1. e4 d5 2. exd5 Nf6 3. d4 Nxd5 4. c4 Nb6 5. Nf3 g6 6. Be2 Bg7 7. 0-0 0-0 8. Be3 Nc6 9. Nc3 e5 10. dxe5 Nxe5 11. Nxe5 Bxe5 12. Qxd8 Rxd8 13. Rac1 c6 14. b3 Bf5 15. f4 Bg7 16. Rfd1 Rxd1+ 17. Bxd1 Rd8 18. Be2 h5 1/2-1/2

[Event "FRA-ch op-A"]
[Site "Chartres"]
[Date "2005.08.??"]
[Round "7"]
[White "Entem, Alan"]
[Black "Jaulin, Marc"]
[Result "1-0"]
[WhiteElo "2127"]
[BlackElo "2135"]
[PlyCount "66"]
[EventDate "2005.08.15"]
[EventType "swiss"]
[EventRounds "11"]
[EventCountry "FRA"]
[SourceTitle "EXT 2006"]
[Source "ChessBase"]
[SourceDate "2005.11.24"]
[SourceVersion "1"]
[SourceVersionDate "2005.11.24"]
[SourceQuality "1"]

1. e4 c5 2. Nf3 e6 3. d4 cxd4 4. Nxd4 a6 5. g3 Qc7 6. Bg2 Nf6 7. 0-0 Nc6 8. Nc3 Bb4 9. Nce2 Be7 10. c4 0-0 11. b3 Rd8 12. Nc3 d6 13. Be3 Ne5 14. h3 b5 15. f4 bxc4 16. Qc2 cxb3 17. axb3 Ng6 18. Rac1 Bd7 19. g4 Rac8 20. g5 Ne8 21. Qf2 Qa5 22. h4 f5 23. h5 Nf8 24. exf5 exf5 25. Nd5 Kf7 26. Rce1 Ne6 27. Nxe6 Bxe6 28. Bd2 Qc5 29. g6+ hxg6 30. hxg6+ Kf8 31. Rxe6 Qxf2+ 32. Rxf2 Bh4 33. Rf3 Kg8 1-0

[Event "FRA-chT2S 0203"]
[Site "France"]
[Date "2003.03.16"]
[Round "9.5"]
[White "Metral, Jean Paul"]
[Black "Jaulin, Marc"]
[Result "1-0"]
[WhiteElo "2234"]
[BlackElo "2127"]
[PlyCount "137"]
[EventDate "2002.10.??"]
[EventType "team"]
[EventRounds "11"]
[EventCountry "FRA"]
[SourceTitle "EXT 2004"]
[Source "ChessBase"]
[SourceDate "2003.11.25"]
[SourceVersion "1"]
[SourceVersionDate "2003.11.25"]
[SourceQuality "1"]
[WhiteTeam "AECE"]
[BlackTeam "Cergy Pontoise"]
[WhiteTeamCountry "FRA"]
[BlackTeamCountry "FRA"]

1. e4 c5 2. f4 d5 3. e5 Nc6 4. Nf3 Bg4 5. Be2 e6 6. 0-0 Nge7 7. c3 Nf5 8. Na3 Be7 9. Nc2 Qb6 10. d3 0-0 11. h3 Bxf3 12. Rxf3 f6 13. exf6 Bxf6 14. g4 Nh4 15. Rf2 Rae8 16. g5 Be7 17. Bf1 Qc7 18. Qg4 Nf5 19. Bg2 Bd6 20. h4 Qf7 21. Bd2 Nfe7 22. Raf1 Qf5 23. Qe2 Qf7 24. Bh3 Nf5 25. Re1 Qd7 26. Qg4 Nd8 27. b3 d4 28. Re4 Nc6 29. c4 g6 30. a3 a5 31. Rfe2 Rf7 32. Be1 Rfe7 33. Bf2 Qc7 34. h5 e5 35. Qf3 exf4 36. Bxf5 gxf5 37. Rxe7 Nxe7 38. g6 Kh8 39. Nxd4 Rg8 40. Ne6 Qc6 41. Qxc6 Nxc6 42. g7+ Rxg7+ 43. Nxg7 Kxg7 44. Re6 Be7 45. Kg2 Kf7 46. Re1 b6 47. Kf3 Bg5 48. Rg1 Kf6 49. Ke2 h6 50. b4 axb4 51. axb4 Ne5 52. Rd1 f3+ 53. Kf1 Ng4 54. bxc5 bxc5 55. Rb1 Ne3+ 56. Kg1 Ke5 57. Rb7 f4 58. Rd7 Ke6 59. Rg7 Kf6 60. Rc7 Kf5 61. Rxc5+ Kg4 62. Re5 Kxh5 63. c5 Kg6 64. Bxe3 fxe3 65. Rxg5+ hxg5 66. c6 g4 67. c7 g3 68. c8Q Kh5 69. Qh3+ 1-0

[Event "FRA-chT2S 0203"]
[Site "France"]
[Date "2003.??.??"]
[Round "10.4"]
[White "Brih, Said"]
[Black "Jaulin, Marc"]
[Result "1/2-1/2"]
[WhiteElo "2220"]
[BlackElo "2127"]
[PlyCount "81"]
[EventDate "2002.10.??"]
[EventType "team"]
[EventRounds "11"]
[EventCountry "FRA"]
[SourceTitle "EXT 2004"]
[Source "ChessBase"]
[SourceDate "2003.11.25"]
[SourceVersion "1"]
[SourceVersionDate "2003.11.25"]
[SourceQuality "1"]
[WhiteTeam "Creteil"]
[BlackTeam "Cergy Pontoise"]
[WhiteTeamCountry "FRA"]
[BlackTeamCountry "FRA"]

1. e4 c5 2. d3 Nc6 3. g3 d5 4. Bg2 dxe4 5. dxe4 Qxd1+ 6. Kxd1 Bg4+ 7. f3 0-0-0+ 8. Bd2 Bh5 9. Na3 e6 10. Ne2 Nd4 11. Nxd4 cxd4 12. Nc4 Ne7 13. Ke2 Nc6 14. Bf4 b5 15. Ne5 Nxe5 16. Bxe5 f6 17. Bf4 Bd6 18. Bd2 f5 19. Kd3 fxe4+ 20. fxe4 e5 21. Rhf1 Rhf8 22. Ba5 Rxf1 23. Rxf1 Rf8 24. b3 Rxf1 25. Bxf1 Kd7 26. Kd2 Kc6 27. Be2 Bf7 28. Bg4 Bc7 29. Bb4 Bd6 30. Bxd6 Kxd6 31. Kd3 Kc5 32. Bf5 h6 33. a3 a5 34. Bd7 Bg8 35. h4 Bf7 36. Ke2 Bh5+ 37. g4 Bf7 38. Kd3 g5 39. hxg5 hxg5 40. Kd2 Bg8 41. Kd3 1/2-1/2

[Event "FRA-chT2S 0203"]
[Site "France"]
[Date "2003.??.??"]
[Round "5.4"]
[White "Stroppa, Daniel"]
[Black "Jaulin, Marc"]
[Result "1-0"]
[WhiteElo "2274"]
[BlackElo "2127"]
[PlyCount "29"]
[EventDate "2002.10.??"]
[EventType "team"]
[EventRounds "11"]
[EventCountry "FRA"]
[SourceTitle "EXT 2004"]
[Source "ChessBase"]
[SourceDate "2003.11.25"]
[SourceVersion "1"]
[SourceVersionDate "2003.11.25"]
[SourceQuality "1"]
[WhiteTeam "Clichy II"]
[BlackTeam "Cergy Pontoise"]
[WhiteTeamCountry "FRA"]
[BlackTeamCountry "FRA"]

1. d4 Nf6 2. Nf3 c5 3. d5 e6 4. Nc3 b5 5. Bg5 b4 6. Nb5 Qb6 7. dxe6 fxe6 8. e4 Nxe4 9. Bf4 d6 10. Qe2 Bb7 11. Nd2 a6 12. Nxe4 axb5 13. Nxd6+ Bxd6 14. Qxe6+ Kd8 15. 0-0-0 1-0

[Event "FRA-chT2S 0203"]
[Site "France"]
[Date "2002.12.08"]
[Round "4.3"]
[White "Carlier, Bruno"]
[Black "Jaulin, Marc"]
[Result "1-0"]
[WhiteElo "2397"]
[BlackElo "2127"]
[PlyCount "63"]
[EventDate "2002.10.??"]
[EventType "team"]
[EventRounds "11"]
[EventCountry "FRA"]
[SourceTitle "EXT 2004"]
[Source "ChessBase"]
[SourceDate "2003.11.25"]
[SourceVersion "1"]
[SourceVersionDate "2003.11.25"]
[SourceQuality "1"]
[WhiteTeam "Cappelle la Grande"]
[BlackTeam "Cergy Pontoise"]
[WhiteTeamCountry "FRA"]
[BlackTeamCountry "FRA"]

1. Nf3 c5 2. g3 g6 3. c3 b6 4. Bg2 Bb7 5. d4 e6 6. 0-0 Bg7 7. Na3 d5 8. Bf4 Ne7 9. Qd2 0-0 10. g4 Nd7 11. Nc2 Nf6 12. Ne5 Nd7 13. Bh6 Nxe5 14. Bxg7 Kxg7 15. dxe5 Qc7 16. Qf4 Kg8 17. Qf6 Rad8 18. Rad1 Nc6 19. f4 Nb8 20. Qh4 Nd7 21. g5 d4 22. e4 dxe3 23. Nxe3 Bxg2 24. Kxg2 Qc6+ 25. Kg1 Qe4 26. Ng4 f5 27. gxf6 h5 28. Nf2 Qf5 29. Rd6 Nxe5 30. fxe5 Qxe5 31. Rxd8 Rxd8 32. f7+ 1-0

[Event "FRA-chT2"]
[Site "France"]
[Date "2000.02.05"]
[Round "?"]
[White "Chuchelov, Vladimir"]
[Black "Jaulin, Marc"]
[Result "1-0"]
[WhiteElo "2518"]
[BlackElo "2142"]
[PlyCount "67"]
[EventDate "2000.01.??"]
[EventType "team"]
[EventRounds "4"]
[EventCountry "FRA"]
[SourceTitle "CBM 076"]
[Source "ChessBase"]
[SourceDate "2000.05.31"]
[SourceVersion "1"]
[SourceVersionDate "2000.05.31"]
[SourceQuality "1"]

1. Nf3 c5 2. c4 g6 3. d4 Bg7 4. d5 Nf6 5. Nc3 0-0 6. e4 d6 7. Be2 e6 8. 0-0 exd5 9. cxd5 Bg4 10. Bf4 a6 11. a4 Nh5 12. Bg5 Bf6 13. Be3 Nd7 14. h3 Bxf3 15. Bxf3 Ng7 16. Be2 Ne8 17. f4 Bg7 18. Kh1 Rb8 19. Qd2 Qa5 20. g4 Qb4 21. g5 Nb6 22. Qc2 Nc4 23. Bc1 Na5 24. Ra3 c4 25. Be3 b5 26. axb5 axb5 27. Na2 Qxb2 28. Qxb2 Bxb2 29. Rxa5 Nc7 30. Rb1 Bg7 31. Nb4 Rfe8 32. Bf3 f5 33. gxf6 Bxf6 34. Ra7 1-0

[Event "FRA-chTB 9697"]
[Site "France"]
[Date "1997.??.??"]
[Round "1"]
[White "Boudre, Jean Pierre"]
[Black "Jaulin, Marc"]
[Result "0-1"]
[WhiteElo "2400"]
[BlackElo "2190"]
[PlyCount "52"]
[EventDate "1997.??.??"]
[EventType "team"]
[EventRounds "7"]
[EventCountry "FRA"]
[SourceTitle "EXT 1999"]
[Source "ChessBase"]
[SourceDate "1998.11.16"]
[SourceVersion "1"]
[SourceVersionDate "1998.11.16"]
[SourceQuality "1"]

1. e4 c5 2. Nf3 d6 3. d4 Nf6 4. Nc3 cxd4 5. Nxd4 g6 6. Be3 Bg7 7. f3 0-0 8. Qd2 Nc6 9. Bc4 Bd7 10. 0-0-0 Ne5 11. Bb3 Qa5 12. h4 Rfc8 13. g4 b5 14. h5 Nc4 15. Bxc4 bxc4 16. Bh6 Bh8 17. Kb1 Rc5 18. Ka1 Rb8 19. Rb1 Qb4 20. a3 Qa5 21. Ka2 Rb6 22. Be3 Ra6 23. Nde2 Rc8 24. hxg6 fxg6 25. g5 Rb8 26. Ka1 Nxe4 0-1

[Event "Cannes Martinez op"]
[Site "Cannes"]
[Date "1996.??.??"]
[Round "6"]
[White "Jaulin, Marc"]
[Black "Payen, Arnaud"]
[Result "0-1"]
[WhiteElo "2150"]
[BlackElo "2280"]
[PlyCount "56"]
[EventDate "1996.08.??"]
[EventType "swiss"]
[EventRounds "9"]
[EventCountry "FRA"]
[SourceTitle "EXT 1998"]
[Source "ChessBase"]
[SourceDate "1997.11.17"]
[SourceVersion "1"]
[SourceVersionDate "1997.11.17"]
[SourceQuality "1"]

1. e4 e5 2. f4 Bc5 3. Nf3 d6 4. c3 Nf6 5. d4 exd4 6. cxd4 Bb6 7. Nc3 0-0 8. Bd3 Nc6 9. Be3 Bg4 10. Ne2 Re8 11. h3 Bf5 12. exf5 Rxe3 13. 0-0 Qe7 14. Qd2 Re8 15. Rae1 Ba5 16. Nc3 Nxd4 17. Rxe3 Qxe3+ 18. Qxe3 Rxe3 19. Ne1 c6 20. Kf2 Re8 21. g4 Bb6 22. Na4 Ne4+ 23. Kg2 d5 24. Nc2 Nxc2 25. Bxc2 Nd2 26. Rd1 Re2+ 27. Kg3 Bf2+ 28. Kg2 Bh4+ 0-1